[Event "Grand Prix Jerusalem 2019"]
[Site "Jerusalem"]
[Date "2019.12.13"]
[Round "1.7"]
[White "Wang, Hao"]
[Black "Navara, David"]
[Result "1/2-1/2"]
[WhiteElo "2756"]
[BlackElo "2707"]
[Annotator "TA"]
[PlyCount "129"]
[EventDate "2019.12.11"]
[EventType "k.o."]
[EventCountry "ISR"]
[SourceTitle "playchess.com"]
[Source "ChessBase"]
[SourceQuality "1"]

{[%evp 9,129,16,16,16,25,19,19,0,12,0,0,0,-5,-7,-3,0,29,12,21,7,16,16,35,35,32,20,19,-13,-10,-9,0,-6,0,-13,-13,-13,-13,-44,-44,-55,-19,-28,181,177,184,192,212,99,154,151,281,264,240,143,156,170,154,164,156,152,246,193,229,127,120,116,102,116,125,110,115,105,124,121,111,108,187,148,245,235,199,102,135,91,91,97,272,231,232,0,37,9,122,113,110,0,0,0,39,39,37,36,66,12,12,0,0,0,0,0,12,12,12,8,8,8,8,8,8,8,8,8]} 1. e4 e5 2. Nf3 Nc6 3. Bb5 Nf6 4. d3 Bc5 5. Bxc6 dxc6 6. Nbd2 {C65: Ruy Lopez: Berlin Defence (3...Nf6), unusual lines and 4 0-0 Bc5} Be6 7. O-O Bd6 8. d4 Nd7 $1 9. dxe5 Nxe5 10. Nxe5 Bxe5 11. f4 Bd4+ 12. Kh1 f5 13. Qh5+ g6 {[#]} 14. Qe2 $146 {And now exf5 would win.} O-O 15. Nf3 {aiming for exf5.} Bf6 {Black wants to play ...fxe4.} 16. e5 Be7 17. Rd1 Qc8 18. c4 c5 19. b3 b6 20. Be3 Qb7 21. Ne1 a5 22. a4 {[%cal Ba2a4,Ba4b5][%mdl 32]} Rfd8 23. Qf3 Qxf3 24. Nxf3 Rxd1+ 25. Rxd1 b5 $2 (25... Rd8 $11 {and Black has nothing to worry.} 26. Rxd8+ Bxd8) 26. axb5 $18 a4 27. Ra1 Rd8 28. bxa4 (28. Rxa4 $18 {and the rest is easy. Strongly threatening Ra7.} Rd3 29. Bg1) 28... Bxc4 (28... Rd3 $142) 29. Rc1 $16 Bb3 (29... Rd3 $16) 30. a5 $18 ({Weaker is} 30. Bxc5 Bxc5 31. Rxc5 Rd1+ 32. Ng1 Bxa4 $16) 30... c4 {[#]} 31. Bd4 (31. a6 $1 $18) 31... Ba3 32. Ra1 Bb4 33. a6 {[%cal Ba5a6,Ba6a7][%mdl 32]} c3 34. a7 Bd5 (34... Ra8 $16 35. Be3 c2) 35. Rc1 Be4 {[#] Threatens to win with ...c2.} 36. Bxc3 ({Only move:} 36. Ng5 $1 $18) 36... Bxc3 $16 37. Rxc3 $18 {[%mdl 4096] Endgame KRB-KRN} Rd1+ 38. Ng1 Rd2 {[%csl Gd2][%cal Re4g2]} 39. Rg3 Ra2 40. h4 Rxa7 41. h5 Ra5 42. hxg6 hxg6 (42... Rxb5 $16 43. gxh7+ Kxh7) 43. Rxg6+ Kf7 (43... Kh7 $16 {was worth a try.} 44. Rf6 Rxb5) 44. Rf6+ Ke7 45. Nh3 (45. b6 $18) 45... Ra2 46. Rg6 Rb2 47. Kh2 Rxb5 $2 (47... Bd5 $16) 48. Rg7+ Kf8 49. Rg6 $2 ({White should play} 49. Rxc7 $18 {Black must now prevent Ng5.} Rb2 50. Ng5) 49... Rb2 50. Kg1 Rb1+ (50... c5 $11 {remains equal.}) 51. Kf2 $16 Rb2+ 52. Kg1 ({Better is} 52. Ke3 $16) 52... Rb1+ $14 53. Kh2 Rb2 54. Ng5 Rxg2+ 55. Kh3 Rf2 56. Ra6 (56. Rh6 $14) 56... Ke7 $11 {The position is equal.} 57. Ra7 Rxf4 58. Rxc7+ Ke8 59. e6 {Nf7 is the strong threat.} Rg4 60. Nf7 {Intending Nd6+ and mate.} Kf8 61. Nd6 {White wants to mate with e7+.} Rg7 $1 $132 {[%cal Rg7c7][%mdl 2048] Black has counterplay} 62. Rxg7 Kxg7 63. e7 Bc6 64. Nxf5+ Kf6 65. Nd4 {Accuracy: White = 53%, Black = 44%.} 1/2-1/2

[Event "Grand Prix Jerusalem 2019"]
[Site "Jerusalem"]
[Date "2019.12.13"]
[Round "1.7"]
[White "Harikrishna, Pentala"]
[Black "Karjakin, Sergey"]
[Result "1/2-1/2"]
[WhiteElo "2724"]
[BlackElo "2754"]
[Annotator "TA"]
[PlyCount "147"]
[EventDate "2019.12.11"]
[EventType "k.o."]
[EventCountry "ISR"]
[SourceTitle "playchess.com"]
[Source "ChessBase"]
[SourceQuality "1"]

{[%evp 12,147,14,18,17,12,21,20,22,26,15,22,24,18,17,8,20,16,22,26,10,20,67,41,66,44,75,60,56,58,81,77,56,50,84,81,91,73,75,70,67,68,80,78,61,61,61,38,45,23,45,45,56,23,48,37,48,48,63,48,80,80,80,80,80,80,80,80,80,80,80,80,80,80,94,87,88,53,68,68,67,66,63,65,87,82,94,86,138,138,138,138,138,138,158,158,158,158,158,158,158,158,158,0,158,158,158,158,158,158,158,158,158,158,158,127,127,127,127,127,127,75,80,75,90,75,75,75,75,75,90,54,54,0,0,0,0,0]} 1. d4 Nf6 2. c4 e6 3. Nf3 d5 4. Nc3 Be7 5. Bf4 O-O 6. e3 b6 7. Bd3 dxc4 {D37: Queen's Gambit Declined: 5 Bf4} 8. Bxc4 Ba6 9. Qe2 (9. Bxa6 Nxa6 10. Qa4 Qc8 11. O-O c5 12. Rac1 Qb7 13. a3 Rfc8 14. Nb5 Nb8 15. dxc5 bxc5 {½-½ (35) Shankland,S (2725)-Anand,V (2773) Wijk aan Zee 2019}) 9... Bxc4 10. Qxc4 c5 11. dxc5 Bxc5 12. O-O Qc8 13. Rac1 {Hoping for b4.} Nbd7 $146 ({Predecessor:} 13... Qa6 14. Ne4 Qxc4 15. Nxf6+ gxf6 16. Rxc4 {1-0 (46) Hercog,N (2031)-Mihelic,V (1814) Radenci 2019}) 14. Nb5 {And now b4 would win.} Qa6 15. Nc7 $36 {[%mdl 2048] Black is under pressure.} Qxc4 16. Rxc4 Rad8 17. h3 h6 18. Rfc1 Nd5 19. Nxd5 exd5 20. R4c3 Nf6 21. Rd3 Rfe8 22. Rcd1 Bd6 23. Bxd6 Rxd6 24. Rc3 Rd7 25. Rdc1 g6 26. Nd4 Ne4 27. Rc7 Ree7 28. Rc8+ Kg7 29. b4 Nd6 30. R8c6 (30. R8c2 {with more complications.} h5 31. Rd1 Re4 32. Rd3 Nc4 33. b5) 30... Nc4 31. a4 Re8 32. Nb5 Red8 33. Rd1 h5 34. Rd4 Ne5 35. Rc7 Kf6 36. Rxa7 Rxa7 37. Nxa7 $16 {[%mdl 4096] Endgame KRN-KRN} Ra8 38. Nb5 Rxa4 39. Nc3 Ra1+ 40. Kh2 Nc6 41. Nxd5+ Ke5 42. Rd2 b5 43. Kg3 Rb1 44. Nc3 Rxb4 45. Rd5+ {[%mdl 64] [#] Double Attack} Ke6 46. Rxb5 Rc4 47. Ne2 Kf6 48. h4 Ne7 49. Nd4 Nf5+ (49... Kg7 $142) 50. Nxf5 gxf5 {KR-KR} 51. Rb6+ Kg7 52. Rd6 f6 53. Rd4 Rc2 54. Kf3 Ra2 55. g3 Kg6 56. Rd8 Kg7 57. Rd4 Kg6 58. Rd1 Kg7 59. Re1 Kg6 60. Re2 Ra4 61. Rb2 Rc4 62. Kg2 Rc1 63. f3 Rc3 64. Kf2 Ra3 65. Re2 Ra1 66. e4 (66. Kg2 $142) 66... fxe4 67. Rxe4 Ra3 68. Kg2 Ra2+ {[#]} 69. Kf1 $1 Ra3 70. Kf2 Rb3 71. g4 hxg4 72. fxg4 ({Better is} 72. Rxg4+ $14 Kh5 73. Kg3) 72... Rh3 $11 73. g5 fxg5 74. hxg5 {Accuracy: White = 72%, Black = 55%.} 1/2-1/2

[Event "Grand Prix Jerusalem 2019"]
[Site "Jerusalem"]
[Date "2019.12.11"]
[Round "1.7"]
[White "Navara, David"]
[Black "Wang, Hao"]
[Result "1/2-1/2"]
[WhiteElo "2707"]
[BlackElo "2756"]
[Annotator "TA"]
[PlyCount "100"]
[EventDate "2019.12.11"]
[EventType "k.o."]
[EventCountry "ISR"]
[SourceTitle "playchess.com"]
[Source "ChessBase"]
[SourceQuality "1"]

{[%evp 14,100,9,14,27,-12,15,13,23,22,19,8,31,30,33,7,13,5,19,20,30,22,38,16,62,60,55,52,44,44,52,46,47,54,54,54,55,58,63,31,46,0,34,0,34,34,33,8,8,6,15,0,0,0,0,0,0,0,0,0,0,0,0,0,0,0,0,0,0,0,6,0,0,0,0,0,0,0,0,0,0,0,0,0,0,0,0,0,0]} 1. d4 d5 2. c4 e6 3. Nf3 Nf6 4. g3 Be7 5. Bg2 O-O 6. Nc3 Nbd7 7. O-O dxc4 8. a4 c5 {E07: Closed Catalan: Main Line (5 Nf3 0-0 6 0-0 Nbd7)} (8... c6 9. e4 e5 10. dxe5 Ng4 11. e6 fxe6 12. Bf4 Bf6 13. Qe2 Nge5 14. Nxe5 Nxe5 15. Rfd1 Nd3 16. e5 Be7 17. Be3 Qa5 18. f4 Bd7 {1-0 (35) Lalith,B (2529)-Donchenko,A (2604) Stockholm 2019}) 9. a5 a6 10. d5 exd5 11. Nxd5 Nxd5 12. Qxd5 Nb8 13. Qxc4 $146 ({Predecessor:} 13. Ne5 Nc6 14. Nxc6 bxc6 15. Qxc4 Rb8 16. Bxc6 {½-½ (16) Gereben,E-Jovanovic,N Mladenovac 1975}) 13... Nc6 14. Bd2 Be6 15. Qa4 Qd5 16. Bc3 Qh5 17. Rfd1 Rfd8 18. Qf4 Rac8 19. Ne5 Nxe5 20. Qxe5 Qxe5 21. Bxe5 f6 22. Bc3 Rxd1+ 23. Rxd1 Rb8 24. f4 Kf7 25. Kf2 g6 26. h3 h5 27. Bd5 f5 28. Kf3 b5 29. axb6 Rxb6 30. e4 fxe4+ {The position is equal.} 31. Kxe4 Bf6 32. Bxe6+ Rxe6+ $11 {[%mdl 4096] Endgame KRB-KRB} 33. Be5 Rb6 34. Kd5 Bxe5 35. fxe5 Rxb2 {KR-KR} 36. Rf1+ Ke7 37. Rf6 Rd2+ 38. Kxc5 a5 39. Rxg6 a4 40. Ra6 a3 41. Rxa3 Ke6 42. Ra6+ Kxe5 43. Rh6 Rd5+ $1 44. Kc6 Ke4 45. h4 {[#] Hoping for Re6+.} Rd3 46. Rg6 (46. Rxh5 $5 {[%cal Rh5g5]} Rxg3 47. Rh6 $11) 46... Kf3 47. Rg5 Rd4 48. Rxh5 {Rg5 is the strong threat.} Kxg3 49. Kc5 Rxh4 50. Rxh4 Kxh4 {Accuracy: White = 56%, Black = 62%.} 1/2-1/2

[Event "Grand Prix Jerusalem 2019"]
[Site "Jerusalem"]
[Date "2019.12.11"]
[Round "1.8"]
[White "Mamedyarov, Shakhriyar"]
[Black "Jakovenko, Dmitry"]
[Result "1/2-1/2"]
[WhiteElo "2772"]
[BlackElo "2698"]
[Annotator "TA"]
[PlyCount "65"]
[EventDate "2019.12.11"]
[EventType "k.o."]
[EventCountry "ISR"]
[SourceTitle "playchess.com"]
[Source "ChessBase"]
[SourceQuality "1"]

{[%evp 11,65,0,14,3,-18,2,2,1,11,0,27,55,62,31,35,34,25,31,23,0,13,7,11,0,0,0,33,0,0,0,0,0,24,-29,34,32,29,22,45,45,33,33,54,44,55,46,54,53,57,50,49,42,34,16,20,0]} 1. d4 Nf6 2. c4 e6 3. Nc3 Bb4 4. Nf3 b6 5. Qb3 c5 6. dxc5 bxc5 7. g3 {E21: Nimzo-Indian: 4 Nf3} Nc6 8. Bg2 Ba6 9. O-O O-O 10. Bf4 (10. Bg5 h6 11. Bxf6 Qxf6 12. Ne4 Qe7 13. Rfd1 Rab8 14. Nd6 Nd4 15. Nxd4 cxd4 {0-1 (36) Debashis,D (2485)-Moiseenko,A (2701) Doha 2014}) 10... d5 $146 (10... Na5 $5 {[%cal Ra5b3]} 11. Qa4 Bxc4 $11) ({Predecessor:} 10... Na5 11. Qa4 Bxc4 12. Bd6 Re8 13. Ne5 Rc8 14. Rfd1 Qb6 {0-1 (48) Silman,J (2345)-Browne,W (2495) New York 1987}) 11. Qa4 Qb6 12. Nb5 {[#] Black must now prevent a3.} (12. cxd5 {is interesting.} exd5 13. Rfb1 Ne7 14. Ne5 Bxc3 15. bxc3 Qe6 16. Nd3) 12... Qa5 13. Qxa5 Bxa5 14. a4 Bb6 15. Rfd1 Na5 16. Nd2 Rac8 17. b3 Rfd8 18. Rab1 Nc6 19. e4 dxc4 $1 20. bxc4 e5 21. Bg5 Nd4 22. Kf1 ({Better is} 22. Nf3) 22... Bxb5 (22... h6 $11 23. Bxf6 gxf6) 23. axb5 $14 Rd6 24. Rb2 Ne6 25. Bxf6 gxf6 26. Ra1 Rcd8 27. Ke1 Rd4 28. h4 Ng7 29. Bh3 Ne8 30. f3 Ng7 31. Rc2 Rd3 32. Ke2 Ne6 33. Bxe6 {Accuracy: White = 55%, Black = 67%.} 1/2-1/2

[Event "Grand Prix Jerusalem 2019"]
[Site "Jerusalem"]
[Date "2019.12.13"]
[Round "1.8"]
[White "Karjakin, Sergey"]
[Black "Harikrishna, Pentala"]
[Result "1/2-1/2"]
[WhiteElo "2754"]
[BlackElo "2724"]
[Annotator "TA"]
[PlyCount "69"]
[EventDate "2019.12.11"]
[EventType "k.o."]
[EventCountry "ISR"]
[SourceTitle "playchess.com"]
[Source "ChessBase"]
[SourceQuality "1"]

{[%evp 14,69,5,14,14,14,18,12,13,15,21,17,19,0,12,0,0,0,210,188,178,14,17,16,75,60,74,75,60,47,56,45,77,3,13,-8,-4,-7,0,-22,0,-14,0,0,0,0,0,0,0,-6,0,0,0,0,0,0,0,0]} 1. e4 e5 2. Nf3 Nc6 3. Bc4 Bc5 4. O-O Nf6 5. d3 O-O 6. c3 d6 7. h3 h6 8. Re1 a6 {C54: Giuoco Piano: 4 c3 Nf6, main lines with 5 d4 and 5 d3} 9. a4 Ba7 10. Nbd2 Re8 11. b4 Be6 12. Bxe6 Rxe6 13. Bb2 Qd7 14. Nf1 {[#]} b5 $146 ({Predecessor:} 14... Rae8 15. b5 {0-1 (39) Vachier Lagrave,M (2778)-Ding,L (2805) Saint Louis 2019}) 15. Ng3 Rd8 $2 (15... d5 $11 {and Black is okay.}) 16. axb5 $18 axb5 {[#]} 17. c4 $2 (17. d4 $1 $18 {[%cal Rd4d5] aiming for d5.} exd4 18. cxd4) 17... Bb6 $11 18. Bc3 Nd4 (18... Ree8 $11 {keeps the balance.}) 19. Bxd4 $1 $16 Bxd4 20. Nxd4 exd4 21. Qc2 bxc4 $1 22. Qxc4 d5 23. exd5 ({White should try} 23. Qxd4 $16 {Threatens to win with e5.} dxe4 24. Qxd7 Rxd7 25. dxe4) 23... Rb6 $11 {The position is equal.} 24. Re5 Nxd5 25. Rae1 Nf4 26. Nf5 Re6 (26... Kh7 {with more complications.} 27. Nh4 Rc6 28. Rc5 Rf6 29. Rxc7 Nxh3+ 30. gxh3 Qxh3 31. Rxf7 Qxh4 32. Rxf6 Qxf6 33. Qe6 Qxe6 34. Rxe6 Rb8) 27. h4 Rde8 28. Rxe6 Rxe6 29. Rxe6 Nxe6 30. b5 h5 31. Kf1 g6 32. Qd5 $1 Qe8 (32... Qxd5 $5 33. Ne7+ $8 {[%mdl 64] Double Attack} Kf8 34. Nxd5 Ke8 $11) 33. Nxd4 Nxd4 34. Qxd4 Qxb5 35. g3 {Accuracy: White = 43%, Black = 56%.} 1/2-1/2

[Event "Grand Prix Jerusalem 2019"]
[Site "Jerusalem"]
[Date "2019.12.13"]
[Round "1.8"]
[White "Navara, David"]
[Black "Wang, Hao"]
[Result "1-0"]
[WhiteElo "2707"]
[BlackElo "2756"]
[Annotator "TA"]
[PlyCount "99"]
[EventDate "2019.12.11"]
[EventType "k.o."]
[EventCountry "ISR"]
[SourceTitle "playchess.com"]
[Source "ChessBase"]
[SourceQuality "1"]

{[%evp 9,99,22,25,24,31,32,31,24,33,29,35,25,34,31,27,28,33,33,39,30,30,8,10,-7,53,35,31,19,44,24,69,62,64,30,65,66,74,50,54,53,52,37,66,72,133,125,309,269,337,317,319,267,266,261,262,244,262,232,326,325,353,348,430,406,435,424,450,416,495,473,466,463,464,459,790,797,791,777,820,792,919,908,874,878,872,861,1072,1127,1369,1566,1478,1828]} 1. d4 Nf6 2. c4 e6 3. Nf3 a6 4. Nc3 d5 5. cxd5 exd5 6. Bg5 {D37: Queen's Gambit Declined: 5 Bf4} Be6 7. e3 Nbd7 8. h3 {White is slightly better.} (8. Bd3 c6 9. Qb3 Qb6 10. Qxb6 Nxb6 11. Bxf6 gxf6 12. Nh4 a5 13. O-O-O Bb4 {1-0 (40) So,W (2767)-Demchenko,A (2655) Khanty-Mansiysk 2019}) 8... Bd6 9. Bd3 c6 10. Bf4 Qc7 11. Qd2 O-O 12. O-O Rfe8 13. Rfe1 Nh5 {[%cal Rh5f4]} 14. Bxd6 Qxd6 {[#]} 15. e4 $146 Qf4 16. Qd1 Qc7 (16... dxe4 $11 17. Rxe4 Qd6) 17. Ng5 g6 18. e5 Qb6 19. Na4 Qa7 20. Rc1 Ng7 21. Bb1 h6 22. Nf3 $36 {[%mdl 2048] Black is under pressure.} Bf5 23. Qd2 Bxb1 24. Rxb1 Kh7 25. b4 Ne6 26. Nc5 Ndf8 {[#]} ({Better is} 26... b5) 27. Nh2 $1 $16 b6 $2 (27... h5 $16) 28. Ng4 g5 29. Nf6+ Kg7 30. Nxe8+ Rxe8 31. Nxe6+ Nxe6 32. Rbc1 Rc8 33. a3 {[%cal Ba2a3,Ba3b4][%mdl 32]} b5 (33... Qd7 {was worth a try.} 34. Qd3 Qb7) 34. Red1 $18 Qb6 35. Rc3 a5 {[#]} 36. h4 $1 axb4 (36... gxh4 37. bxa5) 37. axb4 Rh8 38. Rg3 Qd8 39. f4 {White is clearly winning.} f5 40. Ra1 Qb6 41. fxg5 h5 (41... Qxd4+ $142 42. Qxd4 Nxd4) 42. Rd3 {[%cal Bg3d3,Bd3d2,Bd2c2,Bc2c6][%mdl 32]} Rf8 43. Qd1 Nf4 44. Rd2 Kg6 45. Kh2 Ne6 46. Ra3 Kg7 47. Qa1 Rf7 48. Ra6 Qb7 49. Rc2 Rc7 {[#]} 50. Ra8 {Played: Rc2xc6} 1-0

[Event "Grand Prix Jerusalem 2019"]
[Site "Jerusalem"]
[Date "2019.12.13"]
[Round "1.9"]
[White "Harikrishna, Pentala"]
[Black "Karjakin, Sergey"]
[Result "1/2-1/2"]
[WhiteElo "2724"]
[BlackElo "2754"]
[Annotator "TA"]
[PlyCount "124"]
[EventDate "2019.12.11"]
[EventType "k.o."]
[EventCountry "ISR"]
[SourceTitle "playchess.com"]
[Source "ChessBase"]
[SourceQuality "1"]

{[%evp 9,124,18,18,22,33,33,29,24,34,17,12,11,16,9,56,54,52,51,60,37,42,11,55,0,50,24,23,12,21,-18,18,9,16,2,10,15,25,0,0,0,14,0,19,16,34,-7,0,0,0,0,32,0,0,-6,-16,-196,-31,-34,-32,-58,-34,-34,-34,-187,-180,-274,-128,-389,-382,-357,0,0,0,-14,-14,-14,-8,-8,-8,-8,-8,-8,-8,-8,-7,-12,0,0,0,0,0,0,0,0,0,0,0,0,0,-1531,-999,-844,0,0,0,0,0,0,0,0,0,0,0,0,0,0,0]} 1. d4 Nf6 2. Bg5 d5 3. e3 c5 4. c3 cxd4 (4... Nc6 5. Nd2 cxd4 6. exd4 Bf5 7. Ne2 e6 8. Nc1 Be7 9. Bd3 Bg6 10. h4 Bxd3 11. Nxd3 h6 12. Bxf6 Bxf6 {1-0 (63) Rapport,R (2747)-Caruana,F (2818) Saint Louis 2019}) 5. Bxf6 gxf6 6. cxd4 {D00: 1 d4 d5: Unusual lines} Nc6 7. Nc3 e6 8. Bd3 {White has an edge.} f5 9. Nge2 Bd7 10. Rc1 $146 ({Predecessor:} 10. a3 Rc8 11. b4 Bd6 12. O-O Qh4 {1-0 (44) Polaczek,R (2377)-Hackner,O (2014) England 2011}) 10... Rc8 11. O-O Bg7 12. Nf4 O-O 13. Qh5 h6 14. a3 Qg5 15. Qf3 Qg4 16. Qg3 (16. Qxg4 $14 fxg4 17. Be2) 16... Ne7 17. Be2 Qxg3 18. hxg3 Rfd8 19. g4 fxg4 20. Bxg4 Rc6 21. Be2 a6 22. Nd3 Nf5 23. g4 Nd6 24. Kg2 Rdc8 25. Rh1 Rd8 26. Ne5 Rc7 27. f4 Be8 28. Bd3 Rdc8 29. Kf2 a5 30. Rcg1 b5 31. g5 hxg5 32. f5 $2 (32. fxg5 $11 {and White stays safe.} Nc4 33. Bxc4 bxc4 34. Kg3) 32... f6 $2 (32... b4 $19 33. axb4 axb4) 33. fxe6 $15 fxe5 34. Rxg5 exd4 35. Nxd5 Bc6 {Hoping for ...Bxd5.} 36. Bh7+ $2 (36. Nxc7 $15 Bxh1 37. Nxb5 Nxb5 38. Bxb5) 36... Kf8 $19 {[#] White must now prevent ...Bxd5.} 37. Nxc7 (37. e7+ $142 Kf7 38. Bg6+ Ke6 39. Nxc7+ Rxc7 40. Re1) 37... dxe3+ ({Don't do} 37... Rxc7 38. Rf1 $19) (37... Bxh1 $19 38. Nxb5 dxe3+ 39. Ke2 Nxb5 40. Rxb5 Ke7 41. Kxe3 Rd8) 38. Ke2 $2 {[%mdl 8192]} (38. Kxe3 $17 {was the only defense.} Bxh1 39. e7+ Kf7 40. Nxb5 Nxb5 41. Rxb5) 38... Bxh1 39. e7+ Kxe7 $2 (39... Kf7 $19 40. Nxb5 Nxb5 41. Rxb5 Kxe7 42. Kxe3 Rh8) 40. Rxg7+ $11 Kf6 41. Rd7 Nc4 {Threatens to win with ...Bc6.} 42. Nxb5 Bc6 {[%mdl 64] [#] Double Attack} 43. Rc7 Rxc7 (43... Bxb5 {seems wilder.} 44. Rxc8 Nd6+ 45. Kxe3 Nxc8 46. Kd4 Nd6) 44. Nxc7 Nxb2 {[%mdl 4096] Endgame KBN-KBN} 45. Bg8 $1 Ke5 {Strongly threatening ...Kd6.} 46. Kxe3 Na4 47. Kd2 Kd4 48. Ne6+ Ke5 49. Ng5 Kd6 50. Nf7+ Kc5 51. Ne5 Nb6 52. Nd3+ Kd6 53. Kc3 Bd5 54. Kd4 $2 {[%mdl 8192]} (54. Bxd5 $11 Kxd5 55. Nb4+ Kd6 56. Nd3) 54... Bxg8 $19 55. Ne5 Nc4 $2 ({Black should try} 55... Bd5 $19 56. Ng4 Nd7) 56. Nxc4+ $11 {The position is equal.} Bxc4 57. Kxc4 {KP-KP} Kc6 58. Kb3 Kb5 59. a4+ Kc5 60. Kc3 Kd5 61. Kd3 Kc5 62. Kc3 Kd5 {Accuracy: White = 44%, Black = 45%.} 1/2-1/2

[Event "Grand Prix Jerusalem 2019"]
[Site "Jerusalem"]
[Date "2019.12.14"]
[Round "2.1"]
[White "Vachier-Lagrave, Maxime"]
[Black "Andreikin, Dmitry"]
[Result "1/2-1/2"]
[WhiteElo "2780"]
[BlackElo "2724"]
[Annotator "TA"]
[PlyCount "39"]
[EventDate "2019.12.11"]
[EventType "k.o."]
[EventCountry "ISR"]
[SourceTitle "playchess.com"]
[Source "ChessBase"]
[SourceQuality "1"]

{[%evp 10,39,4,9,11,0,0,0,23,0,0,0,0,0,0,0,0,0,8,8,3,4,12,1,13,-10,0,0,0,0,0,0]} 1. e4 e6 2. d4 d5 3. exd5 exd5 4. Nf3 Nf6 5. Bd3 Bd6 6. Qe2+ Be6 {C01: French: Exchange Variation} 7. Ng5 Qe7 8. Nxe6 fxe6 9. Nd2 O-O $146 {The position is equal.} ({Predecessor:} 9... Nc6 10. Nf3 O-O {½-½ (40) Kovalev,V (2687)-L'Ami,E (2643) Wijk aan Zee 2019}) 10. O-O Nc6 11. Nf3 e5 12. dxe5 Nxe5 13. Nxe5 Qxe5 14. Qxe5 Bxe5 15. c3 Rae8 16. h3 d4 17. c4 Bd6 18. Bd2 Ne4 19. Bxe4 Rxe4 20. Rfe1 {Accuracy: White = 42%, Black = 80%.} 1/2-1/2

[Event "Grand Prix Jerusalem 2019"]
[Site "Jerusalem"]
[Date "2019.12.14"]
[Round "2.1"]
[White "So, Wesley"]
[Black "Nepomniachtchi, Ian"]
[Result "1/2-1/2"]
[WhiteElo "2760"]
[BlackElo "2767"]
[Annotator "TA"]
[PlyCount "46"]
[EventDate "2019.12.11"]
[EventType "k.o."]
[EventCountry "ISR"]
[SourceTitle "playchess.com"]
[Source "ChessBase"]
[SourceQuality "1"]

{[%evp 26,46,24,16,38,20,13,0,0,0,16,16,16,14,6,10,18,2,6,6,6,4,4]} 1. d4 Nf6 2. c4 g6 3. Nc3 d5 4. cxd5 Nxd5 5. e4 Nxc3 6. bxc3 Bg7 7. Nf3 c5 8. Rb1 O-O 9. Be2 cxd4 10. cxd4 Qa5+ 11. Bd2 Qxa2 12. O-O Bg4 13. Be3 Nc6 14. d5 Na5 {D85: Exchange Grünfeld: Unusual White 7th moves and lines with 7 Nf3} 15. Bg5 Qa3 {The position is equal.} (15... b6 16. Bxe7 Rfe8 17. d6 Nc6 18. Bb5 Nxe7 19. h3 Bxf3 20. Qxf3 Qe6 21. Bxe8 Rxe8 22. dxe7 Qxe7 {½-½ (32) Aronian,L (2799)-Vachier Lagrave,M (2789) Tbilisi 2017}) 16. Re1 Bxf3 17. Bxf3 {e5 is the strong threat.} Qd6 {[#]} 18. e5 $146 ({Predecessor:} 18. Qe2 Be5 19. g3 b6 20. Bg4 Nb7 21. Rbd1 a5 22. Qc2 {½-½ (76) Lautier,J (2653)-Shipov,S (2625) Moscow 2001}) 18... Bxe5 19. Qe2 $1 {Black must now prevent Bd2.} Bf6 20. Bd2 $1 {[%cal Rd2a5]} Qd8 {[#]} 21. d6 $1 {[%cal Rd6e7][%mdl 512]} Nc6 {And now ...Nd4 would win.} (21... Qxd6 22. Bxa5) 22. dxe7 Qxe7 23. Qxe7 Nxe7 1/2-1/2

[Event "Grand Prix Jerusalem 2019"]
[Site "Jerusalem"]
[Date "2019.12.14"]
[Round "2.1"]
[White "Karjakin, Sergey"]
[Black "Wei, Yi"]
[Result "1/2-1/2"]
[WhiteElo "2754"]
[BlackElo "2725"]
[Annotator "TA"]
[PlyCount "15"]
[EventDate "2019.12.11"]
[EventType "k.o."]
[EventCountry "ISR"]
[SourceTitle "playchess.com"]
[Source "ChessBase"]
[SourceQuality "1"]

{[%evp 9,15,-10,0,9,19,0,8,-6]} 1. e4 c6 2. Nf3 d5 3. d3 dxe4 4. dxe4 Qxd1+ 5. Kxd1 Nf6 {The position is equal.} 6. Nfd2 {B10: Caro-Kann: 2 d3 and 2 c4} (6. Nbd2 g6 7. c3 Bg7 8. Ne1 Ng4 9. Nd3 Nd7 10. Nc4 O-O 11. f3 Nge5 12. Ndxe5 Nxe5 {½-½ (82) Van Foreest,J (2612)-Martirosyan,H (2607) chess.com INT 2019}) 6... g5 $146 ({Predecessor:} 6... Nbd7 7. f3 g6 8. Nb3 h5 9. Be3 Bh6 10. Bf2 Nb6 11. c3 Be6 12. Nc5 {½-½ (30) Todorov,T (2477)-Villegas,P (2345) Brest 2018}) 7. f3 Rg8 8. Nc4 1/2-1/2

[Event "Grand Prix Jerusalem 2019"]
[Site "Jerusalem"]
[Date "2019.12.14"]
[Round "2.1"]
[White "Jakovenko, Dmitry"]
[Black "Navara, David"]
[Result "1/2-1/2"]
[WhiteElo "2698"]
[BlackElo "2707"]
[Annotator "TA"]
[PlyCount "35"]
[EventDate "2019.12.11"]
[EventType "k.o."]
[EventCountry "ISR"]
[SourceTitle "playchess.com"]
[Source "ChessBase"]
[SourceQuality "1"]

{[%evp 12,35,20,17,20,20,24,8,12,10,11,0,0,0,0,0,10,7,5,0,7,-2,0,0,-4,0]} 1. e4 e5 2. Nf3 Nc6 3. Bc4 Bc5 4. c3 Nf6 5. d3 d6 6. O-O O-O 7. Re1 a6 {C54: Giuoco Piano: 4 c3 Nf6, main lines with 5 d4 and 5 d3} 8. a4 h6 9. Nbd2 a5 {The position is equal.} 10. Nf1 Be6 11. Qb3 Qd7 12. Be3 Bxc4 13. Qxc4 Bxe3 14. Nxe3 {[#]} Rfe8 $146 ({Predecessor:} 14... Ne7 15. Rad1 Rfe8 {1-0 (58) Artemiev,V (2697)-Grischuk,A (2767) Moscow 2018}) 15. Rad1 Rad8 16. Nd5 Nxd5 17. Qxd5 b6 18. Qb5 {Accuracy: White = 38%, Black = 96%.} 1/2-1/2

[Event "Grand Prix Jerusalem 2019"]
[Site "Jerusalem"]
[Date "2019.12.15"]
[Round "2.2"]
[White "Nepomniachtchi, Ian"]
[Black "So, Wesley"]
[Result "1/2-1/2"]
[WhiteElo "2767"]
[BlackElo "2760"]
[Annotator "TA"]
[PlyCount "35"]
[EventDate "2019.12.11"]
[EventType "k.o."]
[EventCountry "ISR"]
[SourceTitle "playchess.com"]
[Source "ChessBase"]
[SourceQuality "1"]

{[%evp 16,35,9,0,19,12,25,15,25,14,8,12,14,8,10,5,16,12,22,0,0,0]} 1. e4 e5 2. Nf3 Nc6 3. Bb5 a6 4. Ba4 Nf6 5. O-O Be7 6. d3 b5 7. Bb3 d6 8. a3 O-O 9. Nc3 Na5 {C77: Ruy Lopez: 3...a6 4 Ba4 Nf6, unusual lines} 10. Ba2 Be6 11. b4 Bxa2 12. Nxa2 $146 (12. Rxa2 Nc6 13. Bg5 Qd7 14. Bxf6 Bxf6 15. Nd5 Bd8 16. c4 Nd4 17. Ne3 Nxf3+ 18. Qxf3 {½-½ (71) Motylev,A (2668)-Tomashevsky,E (2706) Izhevsk 2019}) 12... Nc6 {The position is equal.} 13. c4 Nd4 14. Nc3 c6 15. Be3 Nxf3+ 16. Qxf3 Qc8 17. h3 Qe6 18. Rfc1 1/2-1/2